000 00485nam a22001817a 4500
005 20260316152141.0
008 260316b |||||||| |||| 00| 0 eng d
020 _a9780141047157
_c1099.00
040 _aMAIN
041 _aEnglish
082 _a801.95
_bCUD
100 _aCuddon, J. A.
_926485
245 _aDictionary of Literary Terms And Literary Theory
260 _aUnited State of America
_bPenguin
_c2013
300 _a784
650 _aHindu Studies
_925783
942 _cBK
999 _c60518
_d60518